Κατάλογος Βιβλιοθηκών Mediterranean College

Modern Mathematical Methods for Economics and Business / Series in Quantitative Methods for Decision-Making (Record no. 3849)

MARC details
000 -LEADER
fixed length control field 01011cam a22001934a 4500
005 - ΗΜΕΡΟΜΗΝΙΑ ΚΑΙ ΩΡΑ ΤΕΛΕΥΤΑΙΑΣ ΕΝΗΜΕΡΩΣΗΣ
Πεδίο ελέγχου 20250605164127.0
008 - FIXED-LENGTH DATA ELEMENTS--GENERAL INFORMATION
Πεδίο ελέγχου σταθερού μήκους 250528s ||||||||||||||||||||||||d
035 ## - SYSTEM CONTROL NUMBER
System control number 18490
020 ## - ISBN
ISBN 30843944
040 ## - ΠΗΓΗ ΚΑΤΑΛΟΓΟΓΡΑΦΗΣΗΣ
Φορέας πρωτότυπης καταλογογράφησης MC Athens Campus Library
Γλώσσα καταλογογράφησης Ελληνικά, Μοντέρνα (1453-)
Modifying agency MC Athens Campus Library
Κανόνες περιγραφικής καταλογογράφησης AACR2
245 1# - ΤΙΤΛΟΣ ΚΑΙ ΔΗΛΩΣΗ ΥΠΕΥΘΥΝΟΤΗΤΑΣ
Τίτλος Modern Mathematical Methods for Economics and Business / Series in Quantitative Methods for Decision-Making
260 ## - PUBLICATION, DISTRIBUTION, ETC.
Name of publisher, distributor, etc. Holt, Rinehart And Winston,
Date of publication, distribution, etc. 1972
300 ## - PHYSICAL DESCRIPTION
Extent 498
520 ## - SUMMARY, ETC.
Summary, etc. Preface, Matrix Algebra, Systems of Linear Equations, Maximization and Minimization for Functions of One and Two Variables, Multivariate Optimization, Optimization in Inventory and Queuing Models, Linear Programming Models I: Fundamentals, Linear Programming Models II: Special Topics and Extensions, Nonlinear Programming Models I: Fundamentals, Nonlinear Programming Models II: Duality and Further Computational Methods, Answers to Odd-Numbered Problems, Index.
700 1# - ΠΡΟΣΘΕΤΗ ΑΝΑΓΡΑΦΗ--ΦΥΣΙΚΟ ΠΡΟΣΩΠΟ
Personal name Miller Ronald E
9 (RLIN) 4751
942 ## - ADDED ENTRY ELEMENTS (KOHA)
Koha item type Books
Holdings
Τύπος τεκμηρίου Βιβλιοθήκη Τρέχουσα τοποθεσία Barcode Αριθμός εισαγωγής Ημερομηνία απόκτησης Ταξιθετικό σύμβολο Αριθμός αντιτύπου Κατάσταση απόσυρσης Κατάσταση χαμένου Κατάσταση κατεστραμμένου Μη δανεισμός Σύνολο δανεισμών Ημερομηνία τελευταίας εμφάνισης Η τιμή ισχύει από
Books MC Athens Campus Library MC Athens Campus Library 9780000038487 3185 05/06/2025 510/.2/433 MIL 1           05/06/2025 05/06/2025

MC Athens Campus Library
Πατησίων 94 & Κοδριγκτώνος 13, 104 34
Πελλήνης 8 & Πατησίων 107, 112 51
Τ: +30 210 8899600

MC Thessaloniki Campus Library
Ίωνος Δραγούμη 21, 54625 | Ίωνος Δραγούμη 15, 54625
Τ: +30 2310 287779 – Τ: +30 2314 440300